| 000 | 00344nam a2200145Ia 4500 | ||
|---|---|---|---|
| 008 | 150201s2003 xx 000 0 und d | ||
| 082 |
_a610.7 _bA2003B |
||
| 100 | _aBNENL | ||
| 245 | 2 | _aA NEW TEXTBOOK FOR NURSES IN INDIA | |
| 250 | _a3RD | ||
| 260 |
_bB.I.PUBLICATION _aDELHI _c2003 |
||
| 300 | _a1-406 | ||
| 650 | _aNURSING | ||
| 942 |
_2ddc _cBK |
||
| 999 |
_c4076 _d4076 |
||